000 00582cam a2200169 i 4500
005 20251204103749.0
008 250721r1987 ua gr 000 0 ara d
082 1 4 _a214.4
_bا ب و
100 1 _aأبو العباس، عادل.
_eمؤلف.
245 1 2 _aالثلاثة الذين تكلموا في المهد /
_cتاليف عادل عبدالمنعم ابو العباس.
264 3 1 _aالقاهرة :
_bمكتبة القرآن،
_c1987.
300 _a127صفحة.
650 1 7 _aالإسلام.
650 1 7 _aالكرامات.
942 _2ddc
_cBK
999 _c28752
_d28752